Detalles MARC
| 000 -Cabecera |
| Campo de control de longitud fija |
01404ntm a22004937a 4500 |
| 005 - Fecha y hora de la última transacción |
| Campo de control |
20260505104417.0 |
| 008 - Elementos de longitud fija--Información general |
| Campo de control de longitud fija |
170303s2016 xxu||||| |||| 00| 0 spa d |
| 020 ## - International Standard Book Number |
| Número Internacional Estándar del Libro (ISBN) |
9788496743502 |
| 041 ## - Idioma |
| Código de idioma |
Español |
| 082 ## - Clasificación Decimal Dewey |
| Número de clasificación |
651.3 L847g3 |
| 100 ## - Entrada principal--Autor personal |
| Nombre personal |
Londoño Mateus, María Claudia |
| 9 (RLIN) |
40850 |
| 245 ## - Título propiamente dicho |
| Título |
Guía para la secretaria ejecutiva: manual de comunicación escrita y atención telefónica en la empresa |
| 250 ## - Edición |
| Mención de edición |
3 edición |
| 260 ## - Pie de imprenta |
| Lugar de publicación, distribución, etc. |
España |
| 260 ## - Pie de imprenta |
| Nombre del editor, distribuidor, etc. |
Fundación Confemetal |
| 260 ## - Pie de imprenta |
| Fecha de publicación, distribución, etc. |
2016 |
| 300 ## - Descripción física |
| Extensión |
345 páginas |
| 650 ## - Materia general |
| Temática (materia general) |
MANEJO DE LA OFICINA |
| 650 ## - Materia general |
| Temática (materia general) |
SECRETARIADO EJECUTIVO |
| 650 ## - Materia general |
| Temática (materia general) |
COMUNICACIÓN |
| 650 ## - Materia general |
| Temática (materia general) |
CONFIDENCIALIDAD DE LA INFORMACIÓN |
| 650 ## - Materia general |
| Temática (materia general) |
REDES SOCIALES |
| 650 ## - Materia general |
| Temática (materia general) |
INTERNET |
| 650 ## - Materia general |
| Temática (materia general) |
CORREO ELECTRÓNICO |
| 650 ## - Materia general |
| Temática (materia general) |
LENGUAJE EMPRESARIAL |
| 650 ## - Materia general |
| Temática (materia general) |
ACTAS |
| 650 ## - Materia general |
| Temática (materia general) |
PRESENTACIONES |
| 650 ## - Materia general |
| Temática (materia general) |
PONENCIAS |
| 650 ## - Materia general |
| Temática (materia general) |
ALMACENAMIENTO DE LA INFORMACIÓN |
| 650 ## - Materia general |
| Temática (materia general) |
RECUPERACIÓN DE INFORMACIÓN |
| 650 ## - Materia general |
| Temática (materia general) |
DIFUSIÓN DE LA INFORMACIÓN |
| 650 ## - Materia general |
| Temática (materia general) |
ARCHIVOS |
| 650 ## - Materia general |
| Temática (materia general) |
ATENCIÓN AL CLIENTE |
| 650 ## - Materia general |
| Temática (materia general) |
ATENCIÓN TELEFÓNICA |
| 650 ## - Materia general |
| Temática (materia general) |
ROAMING |
| 650 ## - Materia general |
| Temática (materia general) |
VIDEOCONFERENCIA |
| 650 ## - Materia general |
| Temática (materia general) |
CALL CENTERS |
| 650 ## - Materia general |
| Temática (materia general) |
CARTAS |
| 650 ## - Materia general |
| Temática (materia general) |
INFORMES |
| 650 ## - Materia general |
| Temática (materia general) |
DOCUMENTOS OFICIALES |
| 650 ## - Materia general |
| Temática (materia general) |
FIRMA ELECTRÓNICA |
| 650 ## - Materia general |
| Temática (materia general) |
MEDIOS ELECTRÓNICOS |
| 942 ## - Punto de acceso adicional KOHA |
| Tipo de ítem KOHA |
Libro |
| Fuente del sistema de clasificación o colocación |
Dewey Decimal Classification |